[Event "EU-ch U16"]
[Site "Prague"]
[Date "2012.08.24"]
[Round "8"]
[White "Greuter, Martin"]
[Black "Magee, Ronan"]
[Result "0-1"]
[WhiteElo "1811"]
[BlackElo "1981"]
[PlyCount "90"]
[EventDate "2012.08.17"]
[EventType "swiss"]
[EventRounds "9"]
[EventCountry "CZE"]
[SourceTitle "CBM 150 Extra"]
[Source "ChessBase"]
[SourceDate "2012.10.19"]
[SourceVersion "1"]
[SourceVersionDate "2012.10.19"]
[SourceQuality "1"]

1. d4 e6 2. c4 d5 3. Nc3 Be7 4. Nf3 Nf6 5. Bg5 0-0 6. e3 Nbd7 7. Bd3 dxc4 8. Bxc4 a6 9. 0-0 b5 10. Bd3 Bb7 11. Qe2 c5 12. Rac1 Qb6 13. Ne5 Rfe8 14. Nxd7 Nxd7 15. Bxe7 Rxe7 16. dxc5 Nxc5 17. Bb1 Rc8 18. b4 Nd7 19. Ne4 Ree8 20. Rxc8 Rxc8 21. Rd1 Bd5 22. Qh5 g6 23. Qh4 Bxe4 24. Qxe4 Nf6 25. Qf3 Nd5 26. a3 Nc3 27. Re1 Qc7 28. h3 Qd7 29. e4 Qd2 30. Qe3 Qxe3 31. fxe3 Nxb1 32. Rxb1 Rc3 33. Rd1 Rxe3 34. Rd6 Rxa3 35. Kf2 Kf8 36. Rb6 h5 37. h4 e5 38. Rc6 Ra4 39. Kf3 Rxb4 40. Rxa6 Rb1 41. Rb6 b4 42. g4 hxg4+ 43. Kxg4 b3 44. Kf3 b2 45. Ke2 Rh1 0-1

[Event "EU-ch U16"]
[Site "Prague"]
[Date "2012.08.23"]
[Round "7"]
[White "Hochshtad, Eyal"]
[Black "Greuter, Martin"]
[Result "1/2-1/2"]
[WhiteElo "1958"]
[BlackElo "1811"]
[PlyCount "118"]
[EventDate "2012.08.17"]
[EventType "swiss"]
[EventRounds "9"]
[EventCountry "CZE"]
[SourceTitle "CBM 150 Extra"]
[Source "ChessBase"]
[SourceDate "2012.10.19"]
[SourceVersion "1"]
[SourceVersionDate "2012.10.19"]
[SourceQuality "1"]

1. e4 e6 2. d4 d5 3. Nd2 Nf6 4. e5 Nfd7 5. f4 c5 6. c3 Nc6 7. Ndf3 f6 8. Bd3 cxd4 9. Nxd4 Nxd4 10. cxd4 Bb4+ 11. Bd2 Bxd2+ 12. Qxd2 fxe5 13. fxe5 Qh4+ 14. g3 Qg4 15. Ne2 0-0 16. h3 Qh5 17. 0-0-0 Nb6 18. b3 Bd7 19. Kb2 Qe8 20. Nf4 Bb5 21. Qb4 Bxd3 22. Rxd3 Rc8 23. Rdd1 g5 24. Nd3 Rf3 25. g4 Qg6 26. Nc5 Rc6 27. Qd2 Rc7 28. Rdf1 Rcf7 29. Rxf3 Rxf3 30. Nxb7 Rd3 31. Qf2 Qe4 32. Rf1 Qxd4+ 33. Qxd4 Rxd4 34. Nc5 Rf4 35. Rxf4 gxf4 36. Kc3 Kf7 37. Kd3 Nc8 38. Ke2 Ne7 39. Nd3 Ng6 40. Kf3 Ke7 41. h4 Nxh4+ 42. Kxf4 h6 43. Ke3 Ng6 44. Kd4 Kd7 45. Kc5 Kc7 46. b4 a6 47. b5 axb5 48. Kxb5 Kb7 49. a4 Ne7 50. a5 Kc7 51. a6 Nc6 52. Kc5 Na5 53. Nf4 Nb3+ 54. Kb4 Nd4 55. Nd3 Kb6 56. Nf4 Kxa6 57. Kc5 Nf3 58. Kd6 Ng5 59. Nxe6 Nxe6 1/2-1/2